000
00295 a2200133 4500
001
153379
040
_c
Escola São Tomás de Aquino
100
_a
CARRASCO, Walcyr
240
1
0
_a
Vida de droga
_l
por
245
1
0
_a
Vida de droga
362
0
_a
2007
697
_a
*LITERATURA JUVENIL
942
_c
BK
999
_c
153379
_d
153379